<?xml version="1.0" encoding="UTF-8"?><?xml-stylesheet type="text/xsl" href="static/style.xsl"?><OAI-PMH xmlns="http://www.openarchives.org/OAI/2.0/" xmlns:xsi="http://www.w3.org/2001/XMLSchema-instance" xsi:schemaLocation="http://www.openarchives.org/OAI/2.0/ http://www.openarchives.org/OAI/2.0/OAI-PMH.xsd"><responseDate>2026-04-18T02:25:33Z</responseDate><request verb="GetRecord" identifier="oai:riubu.ubu.es:10259/7791" metadataPrefix="marc">https://riubu.ubu.es/oai/request</request><GetRecord><record><header><identifier>oai:riubu.ubu.es:10259/7791</identifier><datestamp>2023-09-05T22:01:34Z</datestamp><setSpec>com_10259_2699</setSpec><setSpec>col_10259_2705</setSpec></header><metadata><record xmlns="http://www.loc.gov/MARC21/slim" xmlns:doc="http://www.lyncode.com/xoai" xmlns:xsi="http://www.w3.org/2001/XMLSchema-instance" xmlns:dcterms="http://purl.org/dc/terms/" xsi:schemaLocation="http://www.loc.gov/MARC21/slim http://www.loc.gov/standards/marcxml/schema/MARC21slim.xsd">
<leader>00925njm 22002777a 4500</leader>
<datafield tag="042" ind1=" " ind2=" ">
<subfield code="a">dc</subfield>
</datafield>
<datafield tag="720" ind1=" " ind2=" ">
<subfield code="a">Cartelle Neira, Mario</subfield>
<subfield code="e">author</subfield>
</datafield>
<datafield tag="260" ind1=" " ind2=" ">
<subfield code="c">2021</subfield>
</datafield>
<datafield tag="520" ind1=" " ind2=" ">
<subfield code="a">El propósito de este trabajo es realizar un estudio sobre los títulos de crédito que&#xd;
aparecen en los largometrajes dirigidos por el director español Pedro Almodóvar. Se trata de&#xd;
determinar la función que desempeñan dichos títulos: si su finalidad es meramente informativa&#xd;
o si se persiguen además otros fines ya sean narrativos, ambientadores o meramente&#xd;
decorativos. Tras ello se pasa a identificar las características que presentan dichas secuencias de&#xd;
títulos y la posible evolución que han sufrido a lo largo de los años intentando averiguar si es&#xd;
factible realizar algún tipo de agrupación de las películas en función de las características de sus&#xd;
créditos.&#xd;
Para conseguir el propósito citado se analizan un total de 510 planos agrupados en 42&#xd;
secuencias de créditos, tanto iniciales como finales, pertenecientes a los veintiún largometrajes&#xd;
dirigidos hasta el momento, con una duración total de 128 minutos. El análisis aborda aspectos&#xd;
tan variados como el número de planos, su duración, el efecto de transición, la tipografía, los&#xd;
colores empleados o la integración del fondo musical, entre otros.</subfield>
</datafield>
<datafield tag="024" ind2=" " ind1="8">
<subfield code="a">http://hdl.handle.net/10259/7791</subfield>
</datafield>
<datafield tag="024" ind2=" " ind1="8">
<subfield code="a">10.36443/10259/7791</subfield>
</datafield>
<datafield ind1=" " ind2=" " tag="653">
<subfield code="a">Títulos de crédito</subfield>
</datafield>
<datafield ind1=" " ind2=" " tag="653">
<subfield code="a">Tipografía</subfield>
</datafield>
<datafield ind1=" " ind2=" " tag="653">
<subfield code="a">Pedro Almodóvar</subfield>
</datafield>
<datafield ind1=" " ind2=" " tag="653">
<subfield code="a">Análisis fílmico</subfield>
</datafield>
<datafield ind1=" " ind2=" " tag="653">
<subfield code="a">Banda sonora</subfield>
</datafield>
<datafield ind1=" " ind2=" " tag="653">
<subfield code="a">Credit titles</subfield>
</datafield>
<datafield ind1=" " ind2=" " tag="653">
<subfield code="a">Typography</subfield>
</datafield>
<datafield ind1=" " ind2=" " tag="653">
<subfield code="a">Film analysis</subfield>
</datafield>
<datafield ind1=" " ind2=" " tag="653">
<subfield code="a">Credits sountrack</subfield>
</datafield>
<datafield tag="245" ind1="0" ind2="0">
<subfield code="a">Los títulos de crédito en los largometrajes de Pedro Almodóvar</subfield>
</datafield>
</record></metadata></record></GetRecord></OAI-PMH>